000 01248nam0a22002771 4500
001 rc\518536
005 20260406184520.0
010 _a5-244-00129-9
_925000
035 _a(NLR Aleph) 005757832
090 _a4908278
_c4908278
100 _a20030616d1988 |||y0rusy50 ca
101 0 _arus
102 _aRU
105 _ay |||||||||
200 1 _aОсновы научного управления социалистической экономикой
_eУчеб.-метод. пособие для четырехгодич. отд-ний ВПШ
_fАкад. обществ. наук при ЦК КПСС, Учеб.-метод. отд. высш. парт. шк.
_g[Белов В.Г. и др.]
_gПод общ. ред. В.Г. Белова
205 _a2-е изд., перераб. и доп.
210 _aМ.
_cМысль
_d1988
215 _a269, [1] с.
_d22
320 _aБиблиогр.: с. 267-268
702 1 _aБелов
_bВ.Г.
_4220
712 0 2 _aАкадемия общественных наук
_cМосква
_bУчеб. метод. отдел высших партийных школ
_3RU\NLR\AUTH\889949882
_9395495
801 0 _aRU
_bNLR
_gpsbo
801 1 _aRU
_bELAR
_2rusmarc
852 _aNLR
_j88-3/7506
942 _cBOOK
980 _aNB